| 000 | 01305 aa a2200241 4500 | ||
|---|---|---|---|
| 005 | 2009052908318.0 | ||
| 008 | 090529t xxu||||| |||| 00| 0 hin d | ||
| 010 | _aHIN-86697 | ||
| 020 |
_a9788178125107 _c310.00 |
||
| 035 | _aHN-59043 | ||
| 037 | _bDBAD / PUB | ||
| 040 |
_adpl _bhn |
||
| 082 | _a000 | ||
| 245 | _aआर गुप्ता कृत पॉपुलर मास्टर गाइड एल.आई.सी., ए.ए.ओ./सहायक प्रशासनिक अधिकारी परीक्षा / | ||
| 246 | _aR. Gupta krita popular master guide L.I.C., A.A.O. / sahaayaka praasanika adhikarii | ||
| 260 |
_aनई दिल्ली _bरमेश पब्लिशिंग हाउस _c2009 |
||
| 270 |
_a12-एच, न्यू दरियागंज रोड, ट्रैफिक कोतवाली के सामने _bनई दिल्ली _cदिल्ली _e110002 |
||
| 300 |
_aवि.पृ. _c25सेमी (अजिल्द) |
||
| 650 | _aसामान्य ज्ञान | ||
| 650 | _aGeneral kowledge | ||
| 942 |
_adpl _cHN _2ddc _mआरगु _h000 |
||
| 999 |
_c26972 _d26972 |
||